000 00790nam a2200265 i 4500
001 C2-0158087
003 PPAK
005 20180727132923.0
008 980513s1997 my a|||| ||||| | may d
020 _a9679413713
040 _aPPAK
_beng
_cPPAK
_erda
082 0 4 _a899.233
_223
090 0 0 _a899.233
_bAME
_dK
100 0 _aAmer Haji Matsom,
_eauthor
245 1 0 _aFaizal tidak panik
264 1 _aPetaling Jaya, Selangor :
_bOscar Book International ,
_c1997
300 _a27 pages :
_bcolour illustrations ;
_c22 cm
336 _2rdacontent
_atext
337 _2rdamedia
_aunmediated
338 _2rdacarrier
_avolume
490 1 _aSiri rakan pelajar bersemangat wira
650 1 0 _aChildren's stories, Malay
830 0 _aSiri rakan pelajar bersemangat wira
942 _ddc
_cB
999 _c48634
_d48634